Catálogo público

Resistance to viral diseases of vegetables : (Record no. 204572)

MARC details
000 -CABECERA
campo de control de longitud fija 00773nam a2200265Ia 4500
001 - NÚMERO DE CONTROL
campo de control Para_2106
003 - IDENTIFICADOR DEL NÚMERO DE CONTROL
campo de control CHAP
008 - DATOS DE LONGITUD FIJA--INFORMACIÓN GENERAL
campo de control de longitud fija 220125sc199 xx 000 0 und d
010 ## - NÚMERO DE CONTROL DE LA BIBLIOTECA DEL CONGRESO
Número de control de LC 204572
040 ## - FUENTE DE LA CATALOGACIÓN
Centro/agencia transcriptor CHAP
082 ## - NÚMERO DE LA CLASIFICACIÓN DECIMAL DEWEY
Número de clasificación PA 632.8 K9
100 ## - ENTRADA PRINCIPAL--NOMBRE DE PERSONA
Nombre de persona Kyle, Molly M., ed.
9 (RLIN) 170504
245 ## - MENCIÓN DE TÍTULO
Título Resistance to viral diseases of vegetables :
Resto del título genetics & breeding /
Mención de responsabilidad, etc. ed. by Molly M. Kyle
260 ## - PUBLICACIÓN, DISTRIBUCIÓN, ETC.
Lugar de publicación, distribución, etc. Portland, Oregon :
Nombre del editor, distribuidor, etc. Timber press
300 ## - DESCRIPCIÓN FÍSICA
Extensión 278 p.
650 ## - PUNTO DE ACCESO ADICIONAL DE MATERIA--TÉRMINO DE MATERIA
Término de materia o nombre geográfico como elemento de entrada Plantas
Subdivisión general enfermedades por virus
9 (RLIN) 88834
650 ## - PUNTO DE ACCESO ADICIONAL DE MATERIA--TÉRMINO DE MATERIA
Término de materia o nombre geográfico como elemento de entrada Plantas
Subdivisión general resistencia a enfermedades
9 (RLIN) 88882
901 ## - ELEMENTOS DE DATOS A LOCAL LDA (RLIN)
a PA 632.8 K9
902 ## - ELEMENTOS DE DATOS B LOCAL, LDB (RLIN)
a A
905 ## - ELEMENTOS DE DATOS E LOCAL, LDE (RLIN)
a 000000c1993 0000000000 00
910 ## - DATOS DE OPCIÓN DEL USUARIO (OCLC)
Datos de opción del usuario c199
942 ## - ELEMENTOS DE PUNTO DE ACCESO ADICIONAL (KOHA)
Tipo de ítem Koha Parasitologia_
942 ## - ELEMENTOS DE PUNTO DE ACCESO ADICIONAL (KOHA)
Tipo de ítem Koha Parasitologia_
-- 1
Holdings
Estado de retiro Estado de pérdida Fuente del sistema de clasificación o colocación Estado dañado Restricciones de uso No para préstamo Código de colección Localización permanente Ubicación/localización actual Fecha de adquisición Número de inventario Total de préstamos Signatura topográfica completa Código de barras Fecha visto por última vez Fecha del último préstamo Número de copia Precio válido a partir de Tipo de ítem Koha Nota pública
    Dewey Decimal Classification   Préstamo interno   General Parasitologia Agricola Parasitologia Agricola 27/10/2005 (PA_7815) (No. UACh 180172) 1 PA 632.8 K9 4102002476 16/02/2023 06/02/2023 Ej.1 25/01/2022 Libro 3